La sexualidad y la reproducción son problemas sociales: entrevista a Gladys Inés Ponte /

保存先:
書誌詳細
第一著者: Marengo, Ema B.
フォーマット: テキスト
主題:
タグ: タグ追加
タグなし, このレコードへの初めてのタグを付けませんか!

MARC

LEADER 00000 a a2200000 04500
001 4871
003
040
100 |a Marengo, Ema B.  
245 |a La sexualidad y la reproducción son problemas sociales:   |b entrevista a Gladys Inés Ponte /  |c Ema B. Marengo 
650 |a SEXUALIDAD  
650 |a REPRODUCCION  
650 |a MUJERES  
650 |a GENERO  
650 |a DERECHOS REPRODUCTIVOS  
650 |a ESPAÑA  
773 |g volumen 3, número 19; páginas 40-45  
999 |c 32268  |d 32268